000 00213nam a22000857a 4500
008 161201b xxu||||| |||| 00| 0 eng d
100 _91690
_aMalhotra,S.S
245 _aMental Mathmetics
260 _aNew Delhi
_bHoly Faith
999 _c4402
_d4402